000 00540nam a2200193Ia 4500
005 20250423095110.0
008 250422s9999 xx 000 0 und d
020 _a9789756165461
050 _aHN 13 .W3519/
100 _aWallerstein, Immanuel,
245 0 _aDünya-sistemleri analizi: Bir giriş
250 _a3. bs.
260 _aİstanbul
260 _bBGST
260 _c2014
300 _a190 p
650 _aSocial history. Social change. Social systems. Globalization_Social aspects. Dünya sistemi Globalizm
942 _cBK
999 _c29237
_d29237